Uso del pensamiento lateral.

Uloženo v:
Podrobná bibliografie
Hlavní autor: Bono, Edward De (autor)
Médium: Kniha
Jazyk:španělština
Témata:
Tagy: Přidat tag
Žádné tagy, Buďte první, kdo vytvoří štítek k tomuto záznamu!

MARC

LEADER 00000nam^a2200000^u^4500
001 000510410
005 20250521000000.0
008 100111s1000^^^^^^^^^^^^r^^^^^000^0^spa^d
009 20260310130124.5
035 |a FCE 000054619 
037 |a Acervo ITESO - Biblioteca 
041 |a spa 
082 0 4 |a 153.42  |b B6 
100 |a Bono, Edward De  |e (autor) 
245 1 0 |a Uso del pensamiento lateral. 
264 |a México:  |b Editorial Epoca:  |c 1983. 
300 |a 165 p. 
336 |a texto  |b txt  |2 rdacontenido 
337 |a sin mediación  |b n  |2 rdamedio 
338 |a volumen  |b nc  |2 rdasoporte 
649 |a XX 
650 |a Método 
650 |a Pensamiento creador 
650 |a Cerebro 
910 |a Fondo Centro de Estudios Educativos 
920 |a Impresos - Libros 
930 |a Fondos Especiales 
905 |a 133 
901 |a ALE067925  |b IT2  |c CEE  |u 20250521 
902 |a https://opac.biblio.iteso.mx/vufind/Record/000510410